[Event "Stay Safe Play From Home 193"]
[Site "T#646517Emanuel Laske"]
[Date "2020.06.02"]
[Round "4"]
[White "Emresenar"]
[Black "Fischer_11"]
[Result "0-1"]
[WhiteElo "1730"]
[BlackElo "2065"]
[Annotator "NA RC"]
[PlyCount "112"]
[EventDate "2020.06.02"]
[EventType "swiss (blitz)"]

1. e4 {[%emt 0:00:02]} Nf6 {[%emt 0:00:02]} 2. e5 {[%emt 0:00:01]} Nd5 {[%emt 0:00:01]} 3. c4 {[%emt 0:00:01]} Nb6 {[%emt 0:00:01]} 4. d4 {[%emt 0:00:00]} d6 {[%emt 0:00:01]} 5. exd6 {[%emt 0:00:00]} cxd6 {[%emt 0:00:00]} 6. Nc3 {[%emt 0:00:00]} g6 {[%emt 0:00:00]} 7. Nf3 {[%emt 0:00:00]} Bg7 {[%emt 0:00:00]} 8. Be2 {[%emt 0:00:01]} O-O {[%emt 0:00:00]} 9. Be3 {[%emt 0:00:01]} Nc6 {[%emt 0:00:00]} 10. O-O {[%emt 0:00:00]} Bg4 {[%emt 0:00:01]} 11. d5 {[%emt 0:00:01]} Bxf3 {[%emt 0:00:02]} 12. dxc6 {[%emt 0:00:03]} Bxc6 {[%emt 0:00:02]} 13. Bxb6 {[%emt 0:00:06]} Qxb6 {[%emt 0:00:02]} 14. Qb3 {[%emt 0:00:01]} Rfc8 {[%emt 0:00:06]} 15. Qxb6 {[%emt 0:00:01]} axb6 {[%emt 0:00:00]} 16. Rfc1 {[%emt 0:00:03]} Bd7 {[%emt 0:00:08]} 17. b3 {[%emt 0:00:03]} b5 {[%emt 0:00:08]} 18. Bf3 {[%emt 0:00:09]} bxc4 {[%emt 0:00:02]} 19. Bxb7 {[%emt 0:00:01]} cxb3 {[%emt 0:00:01]} 20. Bxa8 {[%emt 0:00:01]} Rxa8 {[%emt 0:00:03]} 21. axb3 {[%emt 0:00:02]} Rxa1 {[%emt 0:00:02]} 22. Rxa1 {[%emt 0:00:01]} Bxc3 {[%emt 0:00:00]} 23. Ra8+ {[%emt 0:00:01]} Kg7 {[%emt 0:00:01]} 24. Ra7 {[%emt 0:00:01]} Be6 {[%emt 0:00:01]} 25. Rc7 {[%emt 0:00:03]} Bf6 {[%emt 0:00:02]} 26. b4 {[%emt 0:00:01]} Bd5 {[%emt 0:00:03]} 27. b5 {[%emt 0:00:01]} Be5 {[%emt 0:00:02]} 28. b6 {[%emt 0:00:01]} e6 {[%emt 0:00:00]} 29. b7 {[%emt 0:00:01]} Bxb7 {[%emt 0:00:00]} 30. Rxb7 {[%emt 0:00:00]} d5 {[%emt 0:00:00]} 31. Kf1 {[%emt 0:00:02]} Kf6 {[%emt 0:00:01]} 32. Ke2 {[%emt 0:00:00]} h6 {[%emt 0:00:00]} 33. Kd3 {[%emt 0:00:01]} h5 {[%emt 0:00:00]} 34. g3 {[%emt 0:00:01]} Bd6 {[%emt 0:00:01]} 35. f3 {[%emt 0:00:01]} Be5 {[%emt 0:00:00]} 36. Ke2 {[%emt 0:00:01]} g5 {[%emt 0:00:01]} 37. f4 {[%emt 0:00:00]} h4 {[%emt 0:00:00]} 38. fxe5+ {[%emt 0:00:01]} Kxe5 {[%emt 0:00:00]} 39. gxh4 {[%emt 0:00:01]} gxh4 {[%emt 0:00:00]} 40. Kd3 {[%emt 0:00:00]} f6 {[%emt 0:00:00]} 41. Rh7 {[%emt 0:00:01]} h3 {[%emt 0:00:00]} 42. Rxh3 {[%emt 0:00:01]} Kd6 {[%emt 0:00:00]} 43. Rh4 {[%emt 0:00:00]} f5 {[%emt 0:00:00]} 44. Rg4 {[%emt 0:00:00]} fxg4 {[%emt 0:00:01]} 45. Kd4 {[%emt 0:00:01]} e5+ {[%emt 0:00:00]} 46. Ke3 {[%emt 0:00:00]} Ke6 {[%emt 0:00:00]} 47. Kf2 {[%emt 0:00:00]} g3+ {[%emt 0:00:00]} 48. Kxg3 {[%emt 0:00:00]} e4 {[%emt 0:00:01]} 49. Kf2 {[%emt 0:00:00]} Ke5 {[%emt 0:00:00]} 50. Ke2 {[%emt 0:00:00]} d4 {[%emt 0:00:00]} 51. Kd2 {[%emt 0:00:00]} d3 {[%emt 0:00:00]} 52. h3 {[%emt 0:00:00]} Kd4 {[%emt 0:00:00]} 53. Ke1 {[%emt 0:00:01]} e3 {[%emt 0:00:00]} 54. h4 {[%emt 0:00:00]} d2+ {[%emt 0:00:00]} 55. Kd1 {[%emt 0:00:01]} Kd3 {[%emt 0:00:00]} 56. h5 {[%emt 0:00:00]} e2# {[%emt 0:00:00] (Lag: Av=0.58s, max=1.1s)} 0-1

[Event "Stay Safe Play From Home 193"]
[Site "T#646517Emanuel Laske"]
[Date "2020.06.02"]
[Round "4"]
[White "Edmatuag"]
[Black "Trotsky"]
[Result "1-0"]
[WhiteElo "1652"]
[BlackElo "1552"]
[Annotator "NA RC"]
[PlyCount "51"]
[EventDate "2020.06.02"]
[EventType "swiss (blitz)"]

1. e4 {[%emt 0:00:01]} c5 {[%emt 0:00:01]} 2. Nf3 {[%emt 0:00:03]} e6 {[%emt 0:00:01]} 3. d4 {[%emt 0:00:02]} d5 {[%emt 0:00:01]} 4. exd5 {[%emt 0:00:03]} exd5 {[%emt 0:00:01]} 5. dxc5 {[%emt 0:00:00]} Bxc5 {[%emt 0:00:01]} 6. Nc3 {[%emt 0:00:01]} Be6 {[%emt 0:00:01]} 7. Be2 {[%emt 0:00:01]} Nc6 {[%emt 0:00:01]} 8. O-O {[%emt 0:00:01]} a6 {[%emt 0:00:01]} 9. Be3 {[%emt 0:00:01]} Bd6 {[%emt 0:00:01]} 10. Bd4 {[%emt 0:00:01]} f6 {[%emt 0:00:02]} 11. Qd2 {[%emt 0:00:03]} Qc7 {[%emt 0:00:01]} 12. Qe3 {[%emt 0:00:01]} Qd7 {[%emt 0:00:05]} 13. Bb6 {[%emt 0:00:03]} h5 {[%emt 0:00:04]} 14. Nxd5 {[%emt 0:00:01]} Nh6 {[%emt 0:00:08]} 15. Rad1 {[%emt 0:00:03]} Kf7 {[%emt 0:00:03]} 16. Nc7 {[%emt 0:00:02]} Rad8 {[%emt 0:00:06]} 17. Nxe6 {[%emt 0:00:01]} Rde8 {[%emt 0:00:03]} 18. Nd8+ {[%emt 0:00:04]} Kf8 {[%emt 0:00:03]} 19. Qb3 {[%emt 0:00:02]} Qg4 {[%emt 0:00:06]} 20. Ne6+ {[%emt 0:00:02]} Ke7 {[%emt 0:00:02]} 21. Ned4 {[%emt 0:00:01]} Qf4 {[%emt 0:00:04]} 22. Nxc6+ {[%emt 0:00:03]} bxc6 {[%emt 0:00:02]} 23. Nd4 {[%emt 0:00:01]} Ng4 {[%emt 0:00:01]} 24. Qe6+ {[%emt 0:00:02]} Kf8 {[%emt 0:00:02]} 25. Qxd6+ {[%emt 0:00:01]} Re7 {[%emt 0:00:01]} 26. Bc4 {[%emt 0:00:01] Âðåìÿ (Lag: Av=0.37s, max=0.9s)} 1-0

[Event "Stay Safe Play From Home 193"]
[Site "T#646517Emanuel Laske"]
[Date "2020.06.02"]
[Round "4"]
[White "Konmos"]
[Black "Fish4Life"]
[Result "0-1"]
[WhiteElo "1624"]
[BlackElo "1928"]
[Annotator "RC"]
[PlyCount "56"]
[EventDate "2020.06.02"]
[EventType "swiss (blitz)"]

1. d4 {[%emt 0:00:00]} d5 {[%emt 0:00:01]} 2. c4 {[%emt 0:00:00]} e5 {[%emt 0:00:01]} 3. dxe5 {[%emt 0:00:01]} d4 {[%emt 0:00:00]} 4. e4 {[%emt 0:00:01]} Nc6 {[%emt 0:00:01]} 5. f4 {[%emt 0:00:02]} f6 {[%emt 0:00:01]} 6. exf6 {[%emt 0:00:02]} Qxf6 {[%emt 0:00:01]} 7. e5 {[%emt 0:00:02]} Bb4+ {[%emt 0:00:01]} 8. Bd2 {[%emt 0:00:01]} Qxf4 {[%emt 0:00:01]} 9. Nf3 {[%emt 0:00:04]} Qe3+ {[%emt 0:00:03]} 10. Be2 {[%emt 0:00:02]} d3 {[%emt 0:00:02]} 11. Nc3 {[%emt 0:00:05]} Bxc3 {[%emt 0:00:05]} 12. bxc3 {[%emt 0:00:02]} Qxe2+ {[%emt 0:00:02]} 13. Qxe2 {[%emt 0:00:00]} dxe2 {[%emt 0:00:01]} 14. Kxe2 {[%emt 0:00:00]} Nge7 {[%emt 0:00:01]} 15. Bg5 {[%emt 0:00:02]} Bg4 {[%emt 0:00:01]} 16. Bxe7 {[%emt 0:00:03]} Kxe7 {[%emt 0:00:02]} 17. Rhf1 {[%emt 0:00:03]} Rad8 {[%emt 0:00:02]} 18. h3 {[%emt 0:00:00]} Bxf3+ {[%emt 0:00:02]} 19. gxf3 {[%emt 0:00:01]} Rhf8 {[%emt 0:00:00]} 20. f4 {[%emt 0:00:01]} Ke6 {[%emt 0:00:01]} 21. Ke3 {[%emt 0:00:00]} Ne7 {[%emt 0:00:02]} 22. Rab1 {[%emt 0:00:03]} b6 {[%emt 0:00:01]} 23. Rb5 {[%emt 0:00:01]} c5 {[%emt 0:00:01]} 24. Rb3 {[%emt 0:00:02]} Nf5+ {[%emt 0:00:01]} 25. Ke4 {[%emt 0:00:02]} Rd2 {[%emt 0:00:01]} 26. Rf3 {[%emt 0:00:01]} Rfd8 {[%emt 0:00:01]} 27. Ra3 {[%emt 0:00:01]} R2d4+ {[%emt 0:00:05]} 28. cxd4 {[%emt 0:00:02]} Rxd4# {[%emt 0:00:01] (Lag: Av=0.47s, max=0.8s)} 0-1

[Event "Stay Safe Play From Home 193"]
[Site "T#646517Emanuel Laske"]
[Date "2020.06.02"]
[Round "4"]
[White "Cubail"]
[Black "Buzaglo"]
[Result "0-1"]
[WhiteElo "1279"]
[BlackElo "1878"]
[Annotator "NA RC"]
[PlyCount "58"]
[EventDate "2020.06.02"]
[EventType "swiss (blitz)"]

1. f4 {[%emt 0:00:01]} e6 {[%emt 0:00:00]} 2. e3 {[%emt 0:00:01]} d5 {[%emt 0:00:00]} 3. Nf3 {[%emt 0:00:01]} Nc6 {[%emt 0:00:00]} 4. c4 {[%emt 0:00:01]} Nf6 {[%emt 0:00:00]} 5. cxd5 {[%emt 0:00:01]} exd5 {[%emt 0:00:00]} 6. Nc3 {[%emt 0:00:01]} d4 {[%emt 0:00:01]} 7. exd4 {[%emt 0:00:02]} Nxd4 {[%emt 0:00:00]} 8. d3 {[%emt 0:00:03]} Bb4 {[%emt 0:00:02]} 9. Be2 {[%emt 0:00:01]} Nxe2 {[%emt 0:00:01]} 10. Qxe2+ {[%emt 0:00:02]} Qe7 {[%emt 0:00:01]} 11. Qxe7+ {[%emt 0:00:03]} Bxe7 {[%emt 0:00:00]} 12. O-O {[%emt 0:00:01]} O-O {[%emt 0:00:01]} 13. Ne4 {[%emt 0:00:02]} Nd5 {[%emt 0:00:01]} 14. Bd2 {[%emt 0:00:04]} Bf5 {[%emt 0:00:01]} 15. Kh1 {[%emt 0:00:01]} Rad8 {[%emt 0:00:02]} 16. Bc3 {[%emt 0:00:02]} Nxc3 {[%emt 0:00:02]} 17. bxc3 {[%emt 0:00:04]} Rxd3 {[%emt 0:00:01]} 18. Neg5 {[%emt 0:00:02]} Bxg5 {[%emt 0:00:02]} 19. fxg5 {[%emt 0:00:02]} Rxc3 {[%emt 0:00:01]} 20. Nh4 {[%emt 0:00:01]} Bd3 {[%emt 0:00:02]} 21. Rf3 {[%emt 0:00:04]} Rd8 {[%emt 0:00:03]} 22. Rd1 {[%emt 0:00:02]} c5 {[%emt 0:00:01]} 23. Nf5 {[%emt 0:00:03]} c4 {[%emt 0:00:02]} 24. Ne7+ {[%emt 0:00:02]} Kf8 {[%emt 0:00:01]} 25. Nf5 {[%emt 0:00:03]} g6 {[%emt 0:00:06]} 26. Ne3 {[%emt 0:00:02]} Kg7 {[%emt 0:00:03]} 27. Nxc4 {[%emt 0:00:01]} Be2 {[%emt 0:00:06]} 28. Rxd8 {[%emt 0:00:04]} Bxf3 {[%emt 0:00:02]} 29. gxf3 {[%emt 0:00:01]} Rxc4 {[%emt 0:00:01] Time (Lag: Av=0.47s, max=1.1s)} 0-1

[Event "Stay Safe Play From Home 193"]
[Site "T#646517Emanuel Laske"]
[Date "2020.06.02"]
[Round "5"]
[White "Broken sword"]
[Black "Mepe_Nika"]
[Result "1-0"]
[WhiteElo "2539"]
[BlackElo "2303"]
[Annotator "TA"]
[PlyCount "133"]
[EventDate "2020.06.02"]
[EventType "swiss (blitz)"]

{[%evp 9,133,9,10,8,14,0,29,0,5,1,16,-99,-94,-100,-94,-115,-67,-80,-85,-77,-76,-103,-84,-87,-38,-53,-42,-60,-48,-72,-39,-52,-52,-53,-53,-47,21,-7,0,0,0,0,0,0,4,0,5,0,33,25,47,0,0,0,48,43,54,0,0,0,406,36,29,18,18,0,10,0,8,0,0,0,0,0,0,0,25,0,166,166,604,620,634,633,633,629,623,622,623,602,512,453,600,573,554,538,609,552,29965,29970,29981,6510,29970,29970,29979,29958,29979,29971,29983,29982,29985,29986,29986,29987,29988,29989,29989,29990,29991,29992,29992,29993,29993,29994,29994,29992]} 1. d4 d5 2. c3 Nf6 3. Nf3 Bf5 4. Bf4 c6 5. Qb3 Qb6 6. Nbd2 {D02: 1 d4 d5 2 Nf3 sidelines, including 2...Nf6 3 g3 and 2...Nf6 3 Bf4.} Nbd7 7. h3 e6 8. e3 {White has an edge.} h6 9. Be2 {[#]} Nh5 $146 ({Predecessor:} 9... Ne4 10. O-O Nxd2 11. Nxd2 Be7 12. c4 Qxb3 13. axb3 Bb4 14. Nf3 Bc2 15. Ra4 a5 {½-½ (63) Kamsky,G (2741)-Nguyen,N (2625) Khanty-Mansiysk 2013}) 10. Bg3 (10. Bh2 $11 {keeps the balance.} Nhf6 11. O-O) 10... Nxg3 $17 11. fxg3 Bd6 12. Kf2 O-O 13. Qxb6 axb6 14. g4 Bg6 15. a3 Nf6 16. Rac1 Ne4+ 17. Nxe4 Bxe4 18. Nd2 Bg6 19. Rhf1 f6 20. Bd1 e5 21. Bc2 Bxc2 22. Rxc2 c5 (22... Ra4 $15) 23. Nf3 cxd4 24. cxd4 Rac8 25. Rfc1 Rxc2+ 26. Rxc2 $11 {[%mdl 4096] Endgame KRB-KRN} Kf7 27. Ke2 Ke6 28. Rc3 Kd7 29. Rb3 Bc7 30. Rb5 Kc6 31. Rb3 Ra8 32. Rc3+ Kd7 33. Nd2 (33. Nh4 $1 $14) 33... Ra5 34. Rc2 Rb5 $2 {[%mdl 8192]} (34... Bd6 $11) 35. Nb1 $2 (35. b4 $18) 35... Ra5 $1 $14 36. Nc3 Bd6 37. Kd3 Ke6 38. Rc1 e4+ 39. Kd2 b5 40. Ne2 b4 41. axb4 Bxb4+ 42. Kd1 g5 43. Ng3 Ra6 $2 {Black is on the road to losing.} (43... Ra2 $11 {and Black has nothing to worry.}) 44. Nf5 $18 Rc6 $2 (44... Kd7) 45. Rxc6+ bxc6 46. Nxh6 {KB-KN} c5 47. dxc5 Bxc5 48. Nf5 Ke5 49. Kd2 Bb4+ 50. Ke2 Bc5 51. g3 Bb4 52. h4 gxh4 53. gxh4 {[#] Threatens to win with h5.} d4 54. Nxd4 f5 55. Nxf5 (55. Nc6+ $142 Ke6 56. gxf5+ Kxf5 57. Nxb4 Ke5 58. Nc2 Kf6 59. b4 Ke5 60. Nd4) 55... Ba5 56. h5 {White mates.} Bd8 57. Kd2 Bf6 58. b4 Kd5 59. b5 Kc5 60. h6 Kxb5 61. h7 Kc5 {[#]} 62. g5 $1 Bh8 (62... Bxg5 63. h8=Q) 63. g6 Kd5 64. g7 Bxg7 65. Nxg7 Ke5 66. h8=Q Kf6 67. Qh4+ {Accuracy: White = 72%, Black = 62%.} 1-0

[Event "Stay Safe Play From Home 193"]
[Site "T#646517Emanuel Laske"]
[Date "2020.06.02"]
[Round "5"]
[White "Tolka"]
[Black "Cubail"]
[Result "1-0"]
[WhiteElo "2221"]
[BlackElo "1278"]
[Annotator "TA"]
[PlyCount "37"]
[EventDate "2020.06.02"]
[EventType "swiss (blitz)"]

{[%evp 9,36,32,20,-19,-12,-91,-53,-70,63,63,65,36,1054,185,261,61,56,-24,-6,-139,1799,1770,2447,2406,2579,2365,29995,29996,29999]} 1. e4 f5 2. exf5 Nf6 3. g4 {[#]} h6 $146 ({Predecessor:} 3... d6 4. g5 Ne4 5. Qh5+ Kd7 6. d3 Nc5 7. d4 Nca6 8. Nf3 c6 9. Bd2 Kc7 {1-0 (21) Jakobeit,D-Alker,D Braunschweig 2003}) 4. d4 d5 5. Bf4 e6 6. h3 {B00: Queen's Fianchetto Defence, Nimzowitsch Defence.} exf5 {Black wants to play ...Nc6.} 7. Nf3 (7. Nc3 $11) 7... fxg4 8. Ne5 {Black is slightly better.} gxh3 (8... Bb4+ $15 9. c3 Bd6) 9. Qd3 $14 {[#] White wants to mate with Qg6+.} Ne4 {White must now prevent ...Qf6.} 10. Nc3 Qf6 $2 {[%mdl 8192]} (10... Bb4 $14 11. Qb5+ {[%mdl 64] Double Attack} Nc6 12. Nxc6 Bxc3+ 13. bxc3 Qf6 14. Ne5+ c6) 11. Nxe4 $2 (11. Nxd5 Bb4+ 12. c3) 11... Qxf4 (11... dxe4 $142 12. Qxe4 Be7) 12. Nd2 $2 (12. Nc3 $18 Bf5 13. Qe2 (13. Nxd5 Bxd3 14. Nxc7+ {[%mdl 64] Double Attack} Kd8 $18)) 12... Bf5 13. Qb5+ (13. Qe2 $14 Be7 14. Qh5+ g6 15. Nxg6 Bxg6 16. Qxg6+ Qf7 17. Qxf7+ Kxf7 18. Bxh3 (18. Rxh3 Nc6 $14)) 13... Nd7 $11 14. Bxh3 (14. Nxd7 $11 {remains equal.} Bxd7 15. Qxb7) 14... Qe4+ $2 {[%mdl 8192]} (14... O-O-O $17 15. Bxf5 Qxf5) 15. Nxe4 $18 a6 16. Qxb7 Rb8 {[#]} 17. Qc6 $1 dxe4 18. Bxf5 {[%csl Ge5,Gf5][%cal Rc6d7]} Rb6 19. Qxd7# {Accuracy: White = 21%, Black = 28%.} 1-0

[Event "Stay Safe Play From Home 193"]
[Site "T#646517Emanuel Laske"]
[Date "2020.06.02"]
[Round "5"]
[White "Rogan"]
[Black "Toosieslide"]
[Result "1-0"]
[WhiteElo "2197"]
[BlackElo "2251"]
[Annotator "TA"]
[PlyCount "125"]
[EventDate "2020.06.02"]
[EventType "swiss (blitz)"]

{[%evp 9,124,-10,6,1,4,-36,-4,-7,-4,-5,-16,-16,-13,-9,-14,-17,-17,-37,-9,-54,-14,-24,-16,-51,-34,-72,-38,-146,-35,-22,0,-17,0,-27,0,-3,0,-3,-3,-4,1,2,4,3,7,0,3,0,14,7,6,0,0,0,0,0,0,-102,0,-92,-83,-135,-13,-8,0,0,0,0,0,0,0,0,0,0,0,0,0,0,0,0,3,3,107,3,3,3,8,8,8,3,10,8,10,10,14,10,29988,29989,29993,29990,29991,29992,29997,29994,29994,29995,29996,29996,29996,29996,29996,29996,29997,29998,29998,29999,29999]} 1. d4 d5 2. c3 c6 3. Nf3 Nf6 4. Bg5 Bf5 5. e3 e6 6. Bd3 {D02: 1 d4 d5 2 Nf3 sidelines, including 2...Nf6 3 g3 and 2...Nf6 3 Bf4.} Nbd7 7. Ne5 {[#]} Be7 $146 (7... Nxe5 {looks sharper.} 8. dxe5 Bxd3 9. Qxd3 h6 10. Bh4 g5) ({Predecessor:} 7... Bxd3 8. Qxd3 Be7 9. f4 Ne4 10. Bxe7 Qxe7 11. Nxd7 Qh4+ 12. Ke2 Qf2+ {0-1 (12) Radulovic,D (2278)-Rajcevic,S (2154) Belgrade 2008}) 8. Nxd7 {The position is equal.} Qxd7 9. Bxf5 exf5 10. Bxf6 Bxf6 11. Nd2 O-O 12. O-O g6 13. c4 Rfe8 14. Rc1 dxc4 (14... f4 $5 {[%cal Rf4e3]} 15. Rc3 c5 $1 $15 {[%mdl 512]}) 15. Nxc4 Rad8 16. Qb3 b6 17. a4 Qe6 18. Nd2 {[#]} ({Better is} 18. a5 $15) 18... Qxb3 (18... c5 $1 $17 {[%mdl 512]} 19. d5 (19. dxc5 Rxd2) 19... Rxd5) 19. Nxb3 $15 Rc8 20. Rc4 c5 21. Rfc1 Rcd8 (21... f4 $5 22. exf4 Re2 $15) 22. dxc5 bxc5 23. Nxc5 Bxb2 24. Rb1 Rb8 25. Nd7 Rbd8 26. Rxb2 Rxd7 $11 {[%cal Rd7d1][%mdl 4096] Endgame KRR-KRR} 27. g3 Red8 28. Rcb4 Kg7 29. Kg2 Kf6 30. Rb7 Ke6 31. a5 Rxb7 32. Rxb7 {KR-KR} Rd7 33. Rb8 (33. a6 $11 {keeps the balance.}) 33... Rc7 (33... Rd5 $17 34. a6 Rd6) 34. a6 (34. Ra8 $11 {remains equal.}) 34... Rc6 $17 35. Rh8 (35. h3 $142) 35... Rxa6 (35... h5 $17 36. Kf3 Rxa6) 36. Rxh7 $11 Ra1 37. Rh8 a5 {[%cal Ba7a5,Ba5a4,Ba4a3,Ba3a2][%mdl 32]} 38. Ra8 a4 39. h4 a3 40. Ra6+ Ke5 41. Kf3 f6 42. Ra5+ Ke6 43. Kf4 a2 44. f3 g5+ 45. hxg5 fxg5+ 46. Kxg5 Rf1 $1 47. Ra6+ Ke7 (47... Kf7 {seems wilder.} 48. Rxa2 Rxf3 49. Ra3 Ke6 50. g4 fxg4 51. Kxg4 Rf1) 48. Rxa2 Rxf3 {[%mdl 64] Double Attack} 49. Ra3 Rxg3+ 50. Kf4 Rg1 51. Kxf5 Rf1+ 52. Ke4 Ra1 $2 {[%mdl 8192] Now Black is done in.} (52... Kf6 $11) 53. Rxa1 {KR-K. White mates.} Ke8 54. Ra5 Ke7 55. Ke5 Ke8 56. Ra7 Kd8 57. Kd6 {[%cal Ra7a8]} Kc8 58. e4 Kb8 59. Rd7 Kc8 60. e5 Kb8 61. e6 Kc8 62. e7 {[%cal Re7e8]} Kb8 63. e8=Q# {Accuracy: White = 76%, Black = 75%.} 1-0

[Event "Stay Safe Play From Home 193"]
[Site "T#646517Emanuel Laske"]
[Date "2020.06.02"]
[Round "5"]
[White "Lamborghini"]
[Black "Lazieri3"]
[Result "1-0"]
[WhiteElo "2159"]
[BlackElo "2121"]
[Annotator "TA"]
[PlyCount "97"]
[EventDate "2020.06.02"]
[EventType "swiss (blitz)"]

{[%evp 9,97,29,14,-31,-13,-27,-22,-26,-37,-25,0,-19,-14,-81,-12,-120,0,-101,39,-12,0,-33,54,50,46,24,31,39,45,16,46,51,64,44,87,57,80,81,74,42,50,35,43,-104,-111,-98,-110,-149,16,5,46,47,47,0,37,0,0,0,158,0,0,-11,-8,-8,-8,-88,0,0,0,-42,-42,-25,-8,-154,-154,-195,-207,-191,-175,-425,-394,-305,-222,-747,-715,-524,-526,-29980,-1052,-793]} 1. e4 c6 2. d3 d5 3. Nd2 dxe4 4. dxe4 Nf6 5. e5 Nd5 $1 6. g3 {[#] B10: Caro-Kann: 2 d3 and 2 c4.} Bf5 $146 {Strongly threatening ...Nb4.} ({Predecessor:} 6... Nd7 7. Ngf3 N7b6 8. Bg2 Bg4 9. h3 Bh5 10. O-O e6 11. Qe1 Be7 12. Ne4 h6 {1-0 (78) Laurindo,U-Mezzon,J (1602) Timbo 2019}) 7. Bg2 e6 8. a3 {The position is equal.} Nb6 9. Ngf3 N8d7 (9... Be7 {seems wilder.} 10. a4 O-O 11. O-O N8d7 12. Re1 Qc7) 10. O-O Be7 11. Qe2 (11. b3 $11) 11... O-O (11... Bxc2 $17 12. Nc4 Ba4) 12. b3 (12. Nd4 $11) 12... h6 (12... Bxc2 $17 {Threatens to win with ...Nc5.} 13. Nd4 Bg6) 13. Bb2 (13. Ne4 $11) 13... Qc7 (13... Bxc2 $17 14. Nd4 Bg6) 14. Ne4 (14. Nd4 $14) 14... Rad8 15. Rfd1 Bxe4 (15... Bg4 $15) 16. Qxe4 $14 Nc5 17. Qe3 Rxd1+ 18. Rxd1 Rd8 19. Nd4 Nd5 20. Qe2 Nd7 21. f4 a6 22. h4 Nf8 23. Kh2 Bc5 24. h5 Ne7 25. Nf3 Nf5 26. g4 (26. Rxd8 $14 {stays ahead.} Qxd8 27. b4) 26... Rxd1 $17 {[%mdl 64] Overworked Piece} 27. Qxd1 Ne3 $1 {[%csl LRd1,LRg4][%mdl 64] Double Attack} 28. Qd3 Nxg2 $2 (28... f5 $17 29. gxf5 Qf7) 29. Kxg2 $11 Qd7 (29... f5 $5) 30. Qxd7 Nxd7 $14 {[%mdl 4096] Endgame KBN-KBN} 31. c4 Kf8 32. f5 exf5 33. gxf5 b5 $2 ({Black should try} 33... Be3 $1 $11) 34. Kg3 $2 ({Better is} 34. b4 $1 $16) 34... bxc4 $11 35. bxc4 Nb6 36. Nd2 $1 Be3 37. Nf1 {[#]} (37. c5 $11 {remains equal.} Bxc5 38. Kf3) 37... Bc5 ({Reject} 37... Nxc4 38. Nxe3 Nxb2 39. Kf3 $11) ({Black should play} 37... Bg5 $1 $17 38. a4 Nxa4) 38. Nd2 Be3 39. Ne4 Nxc4 40. Bc3 Bc1 41. Kf3 (41. a4 $11 {keeps the balance.}) 41... Bxa3 $17 42. f6 gxf6 43. Nxf6 Bb2 44. Nd7+ $2 (44. Bxb2 Nxb2 45. Nd7+ Ke7 46. Nb8) 44... Ke7 $19 45. Bxb2 Nxb2 46. Nc5 $2 (46. Nb8) 46... a5 47. Ke4 a4 48. Nd3 a3 (48... Nxd3 $142 49. Kxd3 Ke6 50. Kd4 {[#]} c5+ $1 {[%mdl 512]} 51. Kc3 Kxe5 52. Kc4 f5 53. Kc3 f4 54. Kc4 a3 55. Kc3 f3 56. Kd3 a2 57. Kc4 a1=Q 58. Kxc5 Qa8 59. Kb6 f2 60. Kc5 f1=Q 61. Kb6 Qfa6+ 62. Kc7 Qd6#) 49. Nc1 {[%mdl 32768] Accuracy: White = 32%, Black = 56%. . Loss on time!?} 1-0

[Event "Stay Safe Play From Home 193"]
[Site "T#646517Emanuel Laske"]
[Date "2020.06.02"]
[Round "5"]
[White "SoulofWolf"]
[Black "Scorpio New"]
[Result "1/2-1/2"]
[WhiteElo "2101"]
[BlackElo "2171"]
[Annotator "TA"]
[PlyCount "141"]
[EventDate "2020.06.02"]
[EventType "swiss (blitz)"]

{[%evp 9,140,20,36,38,39,34,49,36,28,16,20,18,17,22,39,0,1,-15,-1,-7,-1,-22,0,-43,10,-22,-29,-27,-41,-24,21,18,78,14,89,89,91,88,85,86,89,72,81,85,140,81,80,76,95,74,113,78,142,105,114,108,108,67,50,0,145,152,206,201,222,214,205,212,167,21,39,0,0,0,0,0,0,0,0,0,0,-7,0,-7,0,-7,0,0,0,0,0,0,0,0,29972,29971,29974,29975,5739,5611,29979,29980,29984,29985,29985,29986,29989,29990,29990,29991,29993,29994,29995,29994,29995,29993,29993,29992,29994,29995,29995,29996,29996,29997,29999,29997,29997,29996,29996,29997,29997,29992,29998]} 1. Nf3 d6 2. c4 c6 3. e3 {[#]} Nd7 $146 ({Predecessor:} 3... Bg4 4. Qb3 Qc7 5. Be2 Nd7 6. d4 Ngf6 7. Nc3 e5 8. O-O Be7 9. h3 Bh5 10. Nd2 {0-1 (38) Woelbl,J (1889)-Injac,P (1933) Freudenstadt 2013}) 4. g3 Qc7 5. Bg2 g6 6. O-O {A10: English Opening: Unusual Replies for Black.} Bg7 7. d4 e5 8. Nbd2 {White is slightly better.} Ngf6 9. Qc2 O-O 10. b3 Re8 11. Bb2 a5 12. a4 Nf8 13. Rae1 Bf5 14. e4 Bg4 15. h3 Bxf3 16. Bxf3 Rad8 (16... Ne6 $15 17. d5 Nd4) 17. Bg2 Ne6 18. Nf3 {[%cal Rd4e5]} exd4 19. Nxd4 Nxd4 20. Bxd4 Qe7 (20... Nd7 $11 {keeps the balance.} 21. Be3 (21. Bxg7 Kxg7 22. Qc3+ Kg8 $11) 21... Nc5) 21. Qc3 (21. Bb6 $16) 21... Nh5 (21... Ra8 $11) 22. Bxg7 $16 Nxg7 23. Qxa5 Ne6 24. Qc3 c5 25. Re3 Nd4 26. Rfe1 Qg5 (26... b6 $142) 27. Qc1 ({Better is} 27. a5) 27... Qf6 28. f4 Re7 29. Kh2 Rde8 30. Qd2 Qg7 (30... h5 $142) 31. Qf2 h5 32. h4 Qf6 33. Bh3 Kg7 34. Bg2 Qe6 (34... Kg8 $11 {remains equal.}) 35. e5 Qd7 (35... b6 $16) 36. exd6 $18 Qxd6 37. Rxe7 $1 Rxe7 38. Rxe7 Qxe7 {[#]} 39. Bd5 ({White should play} 39. b4 $1 $18 {[%mdl 512]}) 39... b6 40. Qg2 (40. b4 $5) 40... Qe3 41. Qe4 $1 {[%cal Re4e3]} Qxe4 42. Bxe4 Nxb3 $11 {[%mdl 4096] Endgame KB-KN} 43. Bd5 Nd4 44. Kg2 Kf6 45. Kf2 Ke7 46. Ke3 f6 47. Ke4 f5+ 48. Ke5 Nb3 49. Bc6 Na5 50. Bb5 Nb7 51. Kd5 {Hoping for Kc6!} Nd6 $2 {[%mdl 8192] [#] Black is on the road to losing.} (51... Na5 $11 52. Ba6 Kd7 53. Bb5+ Ke7) 52. Kc6 $1 {[%cal Rc6b6]} Nf7 53. Kxb6 g5 54. Kxc5 gxf4 55. gxf4 {White mates.} Nd6 56. a5 Ne4+ 57. Kb6 Nf6 58. a6 Ng4 59. a7 Ne3 60. a8=Q Ng2 61. Qa7+ Kf6 62. Bc6 Nxf4 63. Qc7 Ne6 {[#]} 64. Qd6 $1 Kf7 {[#]} 65. Bd5 $1 Kg7 66. Qxe6 Kh8 67. Qe5+ Kh7 68. Qf4 Kg6 69. Qg5+ Kh7 {[#]} 70. Be4 $1 Kh8 (70... fxe4 71. c5) 71. Bxf5 {Accuracy: White = 71%, Black = 74%.} 1/2-1/2